| 000 | 00361nam a22001457a 4500 | ||
|---|---|---|---|
| 003 | SGT | ||
| 082 |
_a617.6342 _bP21J |
||
| 100 | _aJain, Shipra | ||
| 245 | _aPeriapical healing after surgical... | ||
| 260 |
_aGurugram, Haryana _bSGT University _c2021 |
||
| 300 | _a80 | ||
| 650 | _aConservative Dentistry | ||
| 653 | _aConservative Dentistry | ||
| 942 |
_2ddc _cTH |
||
| 999 |
_c23631 _d23631 |
||